Critical Ethnic Studies

Podrobná bibliografie
Médium: Elektronický zdroj Časopis
Jazyk:English
Vydáno: University of Minnesota Press
Témata:
On-line přístup:Full text available on JSTOR[2015-04-01 - 2019-04-01]
Off-campus access
LEADER 01007cas a2200217 a 4500
001 AALejournalJSTOR003762
008 230228c9999 xx r poo 0 0eng d
022 |a 2373-5031 
022 |a 2373-504X 
040 |a BD-DhAAL  |c BD-DhAAL 
245 0 0 |h [electronic resource]  |a Critical Ethnic Studies 
260 |b University of Minnesota Press 
300 |a 1 online resource 
362 0 |a Vol. 1,  |a no. 1 
500 |a <strong>Off-Campus Access:</strong> Athens ID and Password Required 
500 |a <strong>On-Campus Access:</strong> No User ID or Password Required 
506 |a Electronic access restricted to authorized BRAC University faculty, staff and students 
538 |a Mode of access: Internet 
650 4 |a Political Science ; Social Sciences ; Sociology 
856 4 0 |z Full text available on JSTOR[2015-04-01 - 2019-04-01]  |u https://www.jstor.org/journal/jcritethnstud 
856 4 0 |z Off-campus access  |u https://go.openathens.net/redirector/bracu.ac.bd?url=https%3A%2F%2Fwww.jstor.org%2Fjournal%2Fjcritethnstud